| 000 | 00815nam a22002417a 4500 | ||
|---|---|---|---|
| 999 |
_c4336 _d4336 |
||
| 003 | AR-CdUCM | ||
| 008 | 190308b ||||| |||| 00| 0 spa d | ||
| 020 | _a0-09-907490-7 | ||
| 040 |
_aMUNICIPALIDAD PROVINCIAL DEL CUSCO _cBIBLIOTECA MUNICIPAL DEL CUSCO |
||
| 041 | _heng | ||
| 082 |
_a796.32 / _bY68 |
||
| 100 |
_aYoung, Percy M. _913704 |
||
| 245 | _aA history of British football / | ||
| 260 |
_aGreat Britain _bThe anchor press, _c1968 |
||
| 300 |
_a320 paginas ; _bIlustraciones, _c17 cm. |
||
| 500 | _aDonación de la Familia Nieto | ||
| 505 | _aTrial origins -- Lively exercise in the middle ages -- Renaissance cavalirers -- The georgians -- Struggle for survival... | ||
| 650 |
_aFootball _913705 |
||
| 650 |
_aFutbol _913706 |
||
| 650 |
_aBritish _913707 |
||
| 942 |
_2ddc _cLIBROS |
||
| 945 | _awnts | ||